| 000 | 00691nam a2200241 a 4500 | ||
|---|---|---|---|
| 008 | |||
| 020 | _a9780443069086 (pbk. ) | ||
| 049 | _aMAIN | ||
| 090 |
_aRG137 _bGUI |
||
| 100 | 1 | _aGuillebaud, John. | |
| 245 | 1 | 0 |
_aContraception today / _cJohn Guillebaud. |
| 250 | _a5th ed. | ||
| 260 |
_aEdinburgh : _bChurchill Livingstone, _c2009. |
||
| 300 |
_axiv, 598 p. : _bill. (some col.) ; _c20 cm. |
||
| 504 | _aIncludes bibliographical references. | ||
| 500 | _aIncludes index. | ||
| 650 | 1 | _aContraceptives. | |
| 907 |
_a.b10331542 _b05-06-13 _c31-05-13 |
||
| 003 | |||
| 005 | 20230120204124.0 | ||
| 040 | _cNUST | ||
| 942 |
_cBOOKS _kRG137 _mGUI |
||
| 999 |
_c117525 _d117525 |
||